000 00331nam a22001457a 4500
008 210226b ||||| |||| 00| 0 eng d
020 _a9781118557327
041 _aeng
080 _26th
_a330.772.6
082 _a330.772.6
100 _a61
101 _aKF
245 _aAccounting Principles
_cWeygandt. J.J
942 _2udc
_cBK
999 _c55267
_d55267